An Introduction to Metallurgy: SI Units (Record no. 3441)

MARC details
005 - DATE AND TIME OF LATEST TRANSACTION
control field 20250623113720.0
020 ## - INTERNATIONAL STANDARD BOOK NUMBER
International Standard Book Number 0 7131 2570 5
082 ## - DEWEY DECIMAL CLASSIFICATION NUMBER
Classification number LM 669 COT
100 ## - MAIN ENTRY--PERSONAL NAME
Author name COTTRELL, A.
245 ## - TITLE STATEMENT
Title An Introduction to Metallurgy: SI Units
250 ## - EDITION STATEMENT
Edition statement 2nd Ed.
260 ## - PUBLICATION, DISTRIBUTION, ETC.
Place of publication, distribution, etc. London,
Name of publisher, distributor, etc. Edward Arnold Publishers Ltd,
Date of publication, distribution, etc. 1975.
300 ## - PHYSICAL DESCRIPTION
Extent xii, 548p.: figure, table.
Other physical details Index.
Dimensions 22cm.
942 ## - ADDED ENTRY ELEMENTS (KOHA)
Source of classification or shelving scheme Dewey Decimal Classification
Koha item type Books
Holdings
Date last seen Total checkouts Full call number Barcode Cost, replacement price Price effective from Koha item type Lost status Source of classification or shelving scheme Damaged status Not for loan Withdrawn status Home library Current library Shelving location Date acquired Cost, normal purchase price
06/07/2025   LM 669 COT 00000010808 30000.00 06/07/2025 Books   Dewey Decimal Classification       College of Business Education Main Library College of Business Education Main Library General Collection 10/19/1979 10000.00
06/07/2025   LM 669 COT 00000010809 30000.00 06/07/2025 Books   Dewey Decimal Classification       College of Business Education Main Library College of Business Education Main Library General Collection 10/19/1979 10000.00